000 00935nam a2200253 a 4500
001 000046967
005 20201002053241.0
008 150130s2015 dr abc 000 0 spa d
020 _a9789945495615 (v. 1)
020 _a9789945595222 (v.2)
040 _aDO-SdBNP
_bspa
_cBNPHU
082 _axxxx
_bxxxx
100 1 _aRosa, María del Jesús De la
_910954
245 1 0 _aMatemática 3 :
_btercer grado, primer ciclo educación primaria /
_cMaría del Jesús de la Rosa, Dolore de la Rosa ; ilustraciones Ramón Sandoval.
260 _aSanto Domingo :
_bActualidad Escolar 2000,
_c2015.
300 _av. :
_bil., retrs. ;
_c22 cm.
490 1 _aVeraz
505 _av. 1 ;
_tLibro de texto
_gv. 2 :
_tlibro del maestro
590 _aInventariado, 2018/VM
700 1 _aRosa, Dolore de la
_974871
700 1 _aSandoval, Ramón
_eil.
_910955
710 2 _aActualidad Escolar 2000,(República Dominicana)
_973571
830 0 _aVeraz
_974848
999 _c46455
_d46455